| 000 | 00481nam a2200169 a 4500 | ||
|---|---|---|---|
| 005 | 20231026063627.0 | ||
| 008 | 170517s1983 mx r 000 0 spa d | ||
| 035 | _aUPN01000217824 | ||
| 049 | _aCG | ||
| 050 | 4 |
_aHX39.5 _bC3.7 |
|
| 245 | 0 | 0 |
_aCarlos Marx y la actualidad : _bartículos e intervenciones. |
| 260 |
_aMoscú : _bProgreso, _c1983. |
||
| 300 | _a212 p. | ||
| 600 | 1 | 4 |
_aMarx, Karl, _d1818-1883 _xCrítica e interpretación _98244 |
| 905 | _aLibro | ||
| 999 |
_c189924 _d189924 |
||